Révolutions russes au cinéma : Naissance d'une nation : URSS, 1917-1985 (notice n° 1568502)

détails MARC
000 -LEADER
fixed length control field 01585cam a2200133 4500500
005 - DATE AND TIME OF LATEST TRANSACTION
control field 20251214004406.0
041 ## - LANGUAGE CODE
Language code of text/sound track or separate title fre
042 ## - AUTHENTICATION CODE
Authentication code dc
100 10 - MAIN ENTRY--PERSONAL NAME
Personal name Sumpf, Alexandre
Relator term author
245 00 - TITLE STATEMENT
Title Révolutions russes au cinéma : Naissance d'une nation : URSS, 1917-1985
260 ## - PUBLICATION, DISTRIBUTION, ETC.
Name of publisher, distributor, etc. Armand Colin,<br/>
Date of publication, distribution, etc. 2015.<br/>
520 ## - SUMMARY, ETC.
Summary, etc. Avant même d’avoir accompli leur conquête du pouvoir, les acteurs des révolutions russes de Février et Octobre 1917 ont compris la nécessité d’expliquer et de justifier, d’écrire et de réécrire l’histoire récente en usant de tous les moyens médiatiques. Cet ouvrage étudie le processus d’engagement de l’industrie cinématographique au service de cette entreprise fondamentale pour la survie du régime communiste. Du documentaire didactique au cinéma d’animation, en passant par les actualités et surtout la fiction, il revient sur près de 70 ans de production de films de propagande censés convaincre le public, mais aussi l’émouvoir, le charmer, répondre à ses goûts esthétiques. Il étudie 19 œuvres conçues dès l’époque de la Révolution jusqu’aux dernières heures de l’URSS, clés de voûte de la représentation à l’écran des processus révolutionnaires des années 1910. Diffusées non sans heurts dans un vaste espace multiethnique, elles devaient proposer une leçon d’histoire, contribuer au façonnement du modèle de l’Homme nouveau et créer un genre inédit de cinéma.
856 41 - ELECTRONIC LOCATION AND ACCESS
Uniform Resource Identifier <a href="https://shs.cairn.info/revolutions-russes-au-cinema--9782200286361?lang=fr&redirect-ssocas=7080">https://shs.cairn.info/revolutions-russes-au-cinema--9782200286361?lang=fr&redirect-ssocas=7080</a>

Pas d'exemplaire disponible.

PLUDOC

PLUDOC est la plateforme unique et centralisée de gestion des bibliothèques physiques et numériques de Guinée administré par le CEDUST. Elle est la plus grande base de données de ressources documentaires pour les Étudiants, Enseignants chercheurs et Chercheurs de Guinée.

Adresse

627 919 101/664 919 101

25 boulevard du commerce
Kaloum, Conakry, Guinée

Réseaux sociaux

Powered by Netsen Group @ 2025